[Event "Oberliga Sued W 2122"]
[Site "Germany"]
[Date "2022.05.15"]
[Round "3.3"]
[White "Giese, Tilman"]
[Black "Silber, Henning"]
[Result "0-1"]
[WhiteElo "1972"]
[BlackElo "2284"]
[PlyCount "56"]
[EventDate "2021.10.24"]
[EventType "team-tourn"]
[EventRounds "9"]
[EventCountry "GER"]
[SourceTitle "EXT 2023"]
[Source "ChessBase"]
[SourceDate "2022.10.05"]
[SourceVersion "1"]
[SourceVersionDate "2022.10.05"]
[SourceQuality "1"]
[WhiteTeam "Illingen Turm"]
[BlackTeam "Landau"]
[WhiteTeamCountry "GER"]
[BlackTeamCountry "GER"]

1. Nf3 d5 2. g3 e6 3. Bg2 c5 4. 0-0 Nf6 5. d3 Nc6 6. Nbd2 Be7 7. e4 b6 8. Re1 Bb7 9. e5 Nd7 10. h4 h6 11. Nf1 Qc7 12. Qe2 Nd4 13. Nxd4 cxd4 14. Nh2 Rc8 15. Nf3 Qxc2 16. Qxc2 Rxc2 17. Nxd4 Rc8 18. Nf3 Ba6 19. Rd1 Nc5 20. Bf1 Kd7 21. Be3 Na4 22. Bd4 Rc7 23. Rac1 Rhc8 24. Rxc7+ Rxc7 25. b3 Nc3 26. Rd2 Nb5 27. Kg2 Bb4 28. Rb2 Nxd4 0-1

[Event "Oberliga Sued W 2122"]
[Site "Germany"]
[Date "2022.05.01"]
[Round "9.4"]
[White "Giese, Tilman"]
[Black "Enzmann, Steffen"]
[Result "1-0"]
[WhiteElo "1972"]
[BlackElo "2168"]
[PlyCount "82"]
[EventDate "2021.10.24"]
[EventType "team-tourn"]
[EventRounds "9"]
[EventCountry "GER"]
[SourceTitle "EXT 2023"]
[Source "ChessBase"]
[SourceDate "2022.10.05"]
[SourceVersion "1"]
[SourceVersionDate "2022.10.05"]
[SourceQuality "1"]
[WhiteTeam "Illingen Turm"]
[BlackTeam "Heidesheim"]
[WhiteTeamCountry "GER"]
[BlackTeamCountry "GER"]

1. Nf3 Nf6 2. g3 g6 3. Bg2 Bg7 4. 0-0 0-0 5. d3 d6 6. e4 c6 7. Qe2 Nbd7 8. c3 Re8 9. Nbd2 e5 10. Re1 d5 11. b3 b6 12. Rd1 Qc7 13. Bb2 Nc5 14. Rac1 a5 15. exd5 cxd5 16. c4 d4 17. Ng5 Bb7 18. Nde4 Nfxe4 19. Nxe4 f5 20. Nxc5 Bxg2 21. Kxg2 bxc5 22. f3 a4 23. bxa4 Qc6 24. Re1 Qxa4 25. a3 Rab8 26. Qc2 Rb3 27. Rcd1 Reb8 28. Re2 Qc6 29. Bc1 Rc3 30. Qa2 Rbb3 31. Qd2 Rxd3 32. Qxd3 Rxd3 33. Rxd3 e4 34. Rb3 d3 35. Rf2 Bd4 36. Rf1 Qe8 37. Re1 Qc6 38. Bh6 Be5 39. fxe4 fxe4 40. Rf1 Bf6 41. Rxf6 e3+ 1-0

[Event "Oberliga Sued W 2122"]
[Site "Germany"]
[Date "2021.11.14"]
[Round "2.5"]
[White "Bastian, Martin"]
[Black "Giese, Tilman"]
[Result "1-0"]
[WhiteElo "2095"]
[BlackElo "1972"]
[PlyCount "79"]
[EventDate "2021.10.24"]
[EventType "team-tourn"]
[EventRounds "9"]
[EventCountry "GER"]
[SourceTitle "EXT 2023"]
[Source "ChessBase"]
[SourceDate "2022.10.05"]
[SourceVersion "1"]
[SourceVersionDate "2022.10.05"]
[SourceQuality "1"]
[WhiteTeam "Saarbruecken"]
[BlackTeam "Illingen Turm"]
[WhiteTeamCountry "GER"]
[BlackTeamCountry "GER"]

1. e4 c5 2. Nc3 d6 3. g3 Nf6 4. Bg2 g6 5. d3 Bg7 6. f4 Nc6 7. Nf3 Bg4 8. h3 Bd7 9. 0-0 0-0 10. g4 Rb8 11. f5 Nd4 12. Ne2 Nxf3+ 13. Bxf3 Bc6 14. c3 c4 15. Nd4 cxd3 16. Nxc6 bxc6 17. Qxd3 Nd7 18. Qe2 Ne5 19. Bg2 Qb6+ 20. Rf2 Qb5 21. Qxb5 Rxb5 22. Bf1 Rb7 23. Be3 Rfb8 24. b3 h6 25. Rd1 g5 26. Kg2 Bf6 27. Rd4 c5 28. Ra4 Nc6 29. Rc2 a5 30. Bc4 Ra7 31. Bd5 Ne5 32. b4 Rc8 33. Rxa5 Rxa5 34. bxa5 Nc6 35. a6 Rc7 36. Bd2 Na5 37. Rb2 Ra7 38. Rb8+ Kg7 39. Ra8 Rc7 40. a7 1-0

[Event "Oberliga Sued W 1920"]
[Site "Germany"]
[Date "2021.07.18"]
[Round "9.2"]
[White "Mohammad, Samir"]
[Black "Giese, Tilman"]
[Result "1-0"]
[WhiteElo "2300"]
[BlackElo "1985"]
[PlyCount "41"]
[EventDate "2019.09.29"]
[EventType "team-tourn"]
[EventRounds "9"]
[EventCountry "GER"]
[SourceTitle "EXT 2023"]
[Source "ChessBase"]
[SourceDate "2022.10.05"]
[SourceVersion "1"]
[SourceVersionDate "2022.10.05"]
[SourceQuality "1"]
[WhiteTeam "Saarbruecken SVG"]
[BlackTeam "Illingen Turm"]
[WhiteTeamCountry "GER"]
[BlackTeamCountry "GER"]

1. d4 Nf6 2. c4 d5 3. cxd5 Nxd5 4. e4 Nf6 5. Nc3 e6 6. Nf3 Be7 7. h3 0-0 8. Be3 c5 9. dxc5 Qa5 10. Nd2 Na6 11. a3 Qc7 12. b4 b6 13. Qa4 Nb8 14. Nb5 Qe5 15. Bd4 Qf4 16. g3 Qg5 17. cxb6 Nc6 18. Be3 Qe5 19. Rc1 Nxe4 20. f4 Qb2 21. Nxe4 1-0

[Event "Oberliga Sued W 1920"]
[Site "Germany"]
[Date "2020.01.19"]
[Round "5.4"]
[White "Frede, Lennart"]
[Black "Giese, Tilman"]
[Result "1-0"]
[WhiteElo "2176"]
[BlackElo "2001"]
[PlyCount "138"]
[EventDate "2019.09.29"]
[EventType "team-tourn"]
[EventRounds "9"]
[EventCountry "GER"]
[SourceTitle "EXT 2021"]
[Source "ChessBase"]
[SourceDate "2020.10.23"]
[SourceVersion "1"]
[SourceVersionDate "2020.10.23"]
[SourceQuality "1"]

1. e4 c5 2. Nc3 Nc6 3. Nf3 e6 4. Bb5 Qc7 5. 0-0 Be7 6. d3 Nf6 7. Re1 0-0 8. e5 Nd5 9. Nxd5 exd5 10. d4 a6 11. Be2 cxd4 12. Bf4 Bc5 13. a3 f6 14. Bd3 d6 15. exf6 gxf6 16. b4 Bb6 17. Bh6 Rd8 18. Nh4 Ne5 19. Bf5 Qf7 20. Bxc8 Raxc8 21. Nf5 Rc4 22. Rxe5 dxe5 23. Qg4+ Qg6 24. Ne7+ Kf7 25. Nxg6 hxg6 26. Qe2 Rdc8 27. Ra2 e4 28. h3 Bc7 29. g3 Rh8 30. Bf4 Bxf4 31. gxf4 Rh4 32. Kf1 Rxf4 33. b5 a5 34. Rb2 a4 35. Ke1 Rf3 36. Rb4 Rxb4 37. axb4 a3 38. Qd1 Rxh3 39. Qxd4 Ke6 40. Kd2 Rh7 41. Qa7 Rd7 42. c3 f5 43. Ke3 g5 44. Kd4 f4 45. Qb6+ Kf5 46. Qa7 Ke6 47. Qb6+ Kf5 48. Qa5 Ke6 49. b6 Rd6 50. b5 Rd8 51. c4 e3 52. fxe3 dxc4+ 53. Ke4 fxe3 54. Kxe3 g4 55. Qa4 Rc8 56. Qxa3 c3 57. Qb3+ Ke5 58. Qf7 Kd6 59. Qf6+ Kd7 60. Qd4+ Ke7 61. Qxg4 Kd8 62. Qd4+ Ke7 63. Qe4+ Kd8 64. Qc2 Ke7 65. Kd3 Kd7 66. Kd4 Kd6 67. Qg6+ Ke7 68. Qh7+ Kd8 69. Kd5 c2 1-0

[Event "Rheinland Pfalz op 10th"]
[Site "Nickenich"]
[Date "2018.06.02"]
[Round "6"]
[White "Giese, Tilman"]
[Black "Buhr, Patrick"]
[Result "1-0"]
[WhiteElo "2047"]
[BlackElo "1797"]
[PlyCount "121"]
[EventDate "2018.05.31"]
[EventType "swiss"]
[EventRounds "7"]
[EventCountry "GER"]
[SourceTitle "EXT 2019"]
[Source "ChessBase"]
[SourceDate "2018.10.10"]
[SourceVersion "1"]
[SourceVersionDate "2018.10.10"]
[SourceQuality "1"]

1. c4 Nf6 2. Nc3 c5 3. g3 d5 4. cxd5 Nxd5 5. Bg2 Nb6 6. d3 e5 7. Nf3 Nc6 8. 0-0 Be7 9. Be3 Be6 10. b3 0-0 11. Qc1 f6 12. Ne4 Nd4 13. Bxd4 cxd4 14. Qd2 Qd7 15. Rac1 Rac8 16. Qa5 Nd5 17. Rxc8 Rxc8 18. Qxa7 Rc2 19. a3 Nc3 20. Nxc3 dxc3 21. b4 Rb2 22. Qe3 c2 23. Rc1 Rb1 24. Ne1 Qc7 25. d4 Bf5 26. d5 Qc4 27. Nxc2 Qxc2 28. Rf1 Rxf1+ 29. Bxf1 Qb1 30. g4 Bxg4 31. f4 e4 32. Kf2 f5 33. Qc3 h6 34. h3 Bh5 35. Qc8+ Kh7 36. Qxf5+ Bg6 37. Qg4 h5 38. Qg3 Qd1 39. Bg2 Bf6 40. Qh2 Bh4+ 41. Ke3 Be1 42. Bxe4 Qc1+ 43. Kf3 Qc3+ 44. e3 Bxe4+ 45. Kxe4 Qc4+ 46. Ke5 Bc3+ 47. Kd6 Bf6 48. Qg2 Bd8 49. Ke6 Bf6 50. Kd7 Qd3 51. e4 Qxa3 52. e5 Qa4+ 53. Kc7 Bh4 54. f5 Qa6 55. Qg6+ Qxg6 56. fxg6+ Kxg6 57. Kd7 Be1 58. d6 Bxb4 59. e6 Bxd6 60. Kxd6 b5 61. e7 1-0

[Event "Oberliga Sued W 1718"]
[Site "Germany"]
[Date "2017.10.08"]
[Round "2.3"]
[White "Schulz, Klaus Juergen"]
[Black "Giese, Tilman"]
[Result "1-0"]
[WhiteElo "2343"]
[BlackElo "2040"]
[PlyCount "139"]
[EventDate "2017.09.10"]
[EventType "team-tourn"]
[EventRounds "11"]
[EventCountry "GER"]
[SourceTitle "EXT 2019"]
[Source "ChessBase"]
[SourceDate "2018.10.10"]
[SourceVersion "1"]
[SourceVersionDate "2018.10.10"]
[SourceQuality "1"]
[WhiteTeam "Heimbach Weis/Neuwied"]
[BlackTeam "Illingen Turm"]
[WhiteTeamCountry "GER"]
[BlackTeamCountry "GER"]

1. d4 d5 2. c4 c6 3. Nf3 Nf6 4. Nc3 g6 5. cxd5 cxd5 6. g3 Bg7 7. Bg2 0-0 8. 0-0 Nc6 9. Ne5 e6 10. Nxc6 bxc6 11. Na4 Nd7 12. Bf4 e5 13. dxe5 Nxe5 14. Rc1 Qa5 15. b3 Bb7 16. Nc5 Qb5 17. a4 Qb4 18. Qe1 Qxe1 19. Rfxe1 Rfb8 20. e4 d4 21. Bxe5 Bxe5 22. Nd7 Re8 23. Nxe5 Rxe5 24. Red1 Rd8 25. Rc4 c5 26. f4 Re6 27. e5 Bxg2 28. Kxg2 Rb6 29. Rd3 Rc8 30. Kf3 f5 31. Ke2 Rbc6 32. b4 cxb4 33. Rxb4 Rc1 34. Rbxd4 R8c7 35. Rd8+ Kf7 36. R8d7+ Ke8 37. Rd8+ Ke7 38. Rh8 R1c2+ 39. Rd2 Ke6 40. Re8+ Kf7 41. Rh8 Ke6 42. h4 Rxd2+ 43. Kxd2 Rc4 44. Rxh7 Rxa4 45. Rg7 Kd5 46. Rxg6 Ke4 47. e6 Kd5 48. Rf6 Ra2+ 49. Ke3 Ra3+ 50. Kf2 Ra2+ 51. Kf3 Ra3+ 52. Kg2 Kd6 53. h5 Ra5 54. h6 Ke7 55. h7 Ra2+ 56. Kh3 Ra1 57. Rxf5 Rh1+ 58. Kg4 Rxh7 59. Re5 Rh6 60. f5 Rh8 61. Kf4 Rb8 62. g4 a6 63. g5 Rb4+ 64. Ke3 Rg4 65. f6+ Ke8 66. Kf3 Rg1 67. Kf4 Rg2 68. Kf5 Rf2+ 69. Kg6 Rg2 70. Kg7 1-0

[Event "Oberliga Sued W 1516"]
[Site "Germany"]
[Date "2016.02.21"]
[Round "7.2"]
[White "Frischmann, Rick"]
[Black "Giese, Tilman"]
[Result "1-0"]
[WhiteElo "2264"]
[BlackElo "2101"]
[PlyCount "111"]
[EventDate "2015.09.20"]
[EventType "team-tourn"]
[EventRounds "9"]
[EventCountry "GER"]
[SourceTitle "EXT 2017"]
[Source "ChessBase"]
[SourceDate "2016.10.25"]
[SourceVersion "1"]
[SourceVersionDate "2016.10.25"]
[SourceQuality "1"]
[WhiteTeam "Schwarzenbach Caissa"]
[BlackTeam "Illingen Turm"]
[WhiteTeamCountry "GER"]
[BlackTeamCountry "GER"]

1. d4 Nf6 2. c4 g6 3. g3 Bg7 4. Bg2 d5 5. cxd5 Nxd5 6. Nf3 0-0 7. 0-0 c6 8. e4 Nf6 9. Nc3 Bg4 10. Be3 Nbd7 11. h3 Bxf3 12. Qxf3 e6 13. e5 Nd5 14. Ne4 f5 15. exf6 N7xf6 16. Nc5 Qe7 17. Bg5 b6 18. Nd3 Qd6 19. Rfe1 Rae8 20. Rac1 Nd7 21. Qe4 e5 22. Rxc6 Qxc6 23. Qxd5+ Qxd5 24. Bxd5+ Kh8 25. Bc6 Rf7 26. dxe5 Rxe5 27. Nxe5 Nxe5 28. Be4 Rd7 29. f4 Nf7 30. Bc6 Bd4+ 31. Kg2 Rc7 32. Bd5 Nxg5 33. fxg5 h6 34. gxh6 Bxb2 35. Re6 g5 36. Be4 Rc8 37. Kf3 Bc1 38. Kg4 Kg8 39. Bg6 b5 40. Re7 a5 41. Re5 Rb8 42. Bd3 Bd2 43. Rxb5 Rxb5 44. Bxb5 Kh7 45. Kh5 Be3 46. Bd3+ Kg8 47. a4 Bf2 48. g4 Be3 49. h4 gxh4 50. g5 h3 51. g6 Bd4 52. Bc4+ Kh8 53. Bd5 h2 54. g7+ Bxg7 55. hxg7+ Kxg7 56. Kh4 1-0

[Event "Oberliga Sued W 1516"]
[Site "Germany"]
[Date "2015.11.15"]
[Round "3.2"]
[White "Fritsche, Lutz"]
[Black "Giese, Tilman"]
[Result "1/2-1/2"]
[WhiteElo "2304"]
[BlackElo "2101"]
[PlyCount "121"]
[EventDate "2015.09.20"]
[EventType "team-tourn"]
[EventRounds "9"]
[EventCountry "GER"]
[SourceTitle "CBM 170 Extra"]
[Source "ChessBase"]
[SourceDate "2016.02.25"]
[SourceVersion "1"]
[SourceVersionDate "2016.02.25"]
[SourceQuality "1"]
[WhiteTeam "Koblenz"]
[BlackTeam "Illingen Turm"]
[WhiteTeamCountry "GER"]
[BlackTeamCountry "GER"]

1. e4 c5 2. Nc3 d6 3. f4 Nc6 4. Nf3 g6 5. Bc4 Bg7 6. 0-0 a6 7. a4 Nf6 8. d3 0-0 9. Qe1 e6 10. e5 dxe5 11. fxe5 Ng4 12. Bg5 Qd7 13. Ne4 Ncxe5 14. Nxe5 Qd4+ 15. Kh1 Qxe5 16. Qh4 f5 17. Bf4 Qxb2 18. Ng5 h6 19. Nxe6 Bxe6 20. Bxe6+ Kh7 21. h3 Rae8 22. Rab1 Qd4 23. Rxb7 Rxe6 24. hxg4 g5 25. Bxg5 Rg6 26. Be7 Rf7 27. gxf5 Rg4 28. Qf2 Qxa4 29. c4 Qc6 30. Rfb1 Bf6 31. R1b6 Qxb7 32. Rxb7 Rh4+ 33. Kg1 Bd4 34. Bxh4 Rxb7 35. Kf1 Bxf2 36. Bxf2 Rc7 37. Ke2 Kg7 38. g4 Rc8 39. d4 Kf6 40. Bh4+ Kf7 41. d5 a5 42. d6 Ke8 43. Be7 Rb8 44. f6 Rb7 45. Kd3 a4 46. Ke4 a3 47. Kd5 Kf7 48. Kc6 Rb8 49. d7 a2 50. Bd6 Rd8 51. Be5 Ke6 52. f7 Kxf7 53. Kd6 Ra8 54. Ba1 Rd8 55. Bc3 Kg6 56. Ke6 Kg5 57. Bf6+ Kxg4 58. Bxd8 a1Q 59. Bf6 Qa6+ 60. Ke5 Qxc4 61. d8Q 1/2-1/2

[Event "Oberliga Sued W 1516"]
[Site "Germany"]
[Date "2015.11.08"]
[Round "2.1"]
[White "Le Corre, Benjamin"]
[Black "Giese, Tilman"]
[Result "1-0"]
[WhiteElo "2313"]
[BlackElo "2101"]
[PlyCount "106"]
[EventDate "2015.09.20"]
[EventType "team-tourn"]
[EventRounds "9"]
[EventCountry "GER"]
[SourceTitle "CBM 170 Extra"]
[Source "ChessBase"]
[SourceDate "2016.02.25"]
[SourceVersion "1"]
[SourceVersionDate "2016.02.25"]
[SourceQuality "1"]
[WhiteTeam "Saarbruecken SVG"]
[BlackTeam "Illingen Turm"]
[WhiteTeamCountry "GER"]
[BlackTeamCountry "GER"]

1. e4 c5 2. Nf3 d6 3. Bb5+ Nd7 4. 0-0 a6 5. Bd3 g6 6. c3 Bg7 7. Bc2 c4 8. b3 Nb6 9. a4 d5 10. a5 cxb3 11. Bxb3 dxe4 12. Ng5 Nd5 13. Nxe4 Ngf6 14. Nc5 0-0 15. d4 Qc7 16. Qf3 Rd8 17. Qg3 Qxg3 18. hxg3 Bf5 19. c4 Bxb1 20. cxd5 Be4 21. Nxe4 Nxe4 22. Ra4 Nc3 23. Rb4 Bxd4 24. Rxb7 Nxd5 25. Bg5 Bc5 26. Rd1 Nc3 27. Rxd8+ Rxd8 28. Bxe7 Rc8 29. Bxf7+ Kxf7 30. Bxc5+ Kg8 31. Be3 Nd5 32. Bd4 Rc1+ 33. Kh2 Rd1 34. Bg7 h5 35. Bh6 Nf6 36. f3 Nd7 37. Ra7 Nc5 38. Be3 Nb3 39. Rxa6 Ra1 40. Rxg6+ Kf7 41. Rb6 Nxa5 42. Rb5 Nc4 43. Bf4 Ra5 44. Rb7+ Kg6 45. Rc7 Nb2 46. Rc6+ Kf7 47. Rd6 Nc4 48. Rd4 Nb2 49. Bd2 Rb5 50. Bc3 Kg6 51. g4 hxg4 52. Rxg4+ Kf5 53. Bxb2 Rxb2 1-0

[Event "Oberliga Sued W 1415"]
[Site "Germany"]
[Date "2015.02.22"]
[Round "7.8"]
[White "Giese, Tilman"]
[Black "Preiss, Vincent"]
[Result "1-0"]
[WhiteElo "2053"]
[BlackElo "1813"]
[PlyCount "107"]
[EventDate "2014.09.21"]
[EventType "team-tourn"]
[EventRounds "9"]
[EventCountry "GER"]
[SourceTitle "EXT 2019"]
[Source "ChessBase"]
[SourceDate "2018.10.10"]
[SourceVersion "1"]
[SourceVersionDate "2018.10.10"]
[SourceQuality "1"]
[WhiteTeam "Illingen Turm"]
[BlackTeam "Saarbruecken SVG"]
[WhiteTeamCountry "GER"]
[BlackTeamCountry "GER"]

1. Nf3 e6 2. g3 d5 3. Bg2 Nf6 4. 0-0 c6 5. d3 Be7 6. Nbd2 0-0 7. e4 dxe4 8. dxe4 Nbd7 9. e5 Nd5 10. Qe2 Nc5 11. a3 a5 12. Rb1 Qc7 13. c4 Nb6 14. Ne4 Rd8 15. Nxc5 Bxc5 16. Bg5 Be7 17. Rbd1 h6 18. Rxd8+ Qxd8 19. Rd1 Bd7 20. Be3 Qc7 21. Bxb6 Qxb6 22. Rxd7 Bc5 23. Ne1 Rd8 24. Rxd8+ Qxd8 25. Nd3 Bd4 26. b4 axb4 27. axb4 Qb6 28. Qa2 Qc7 29. Qa8+ Kh7 30. Qe8 g6 31. h4 Kg7 32. c5 Bxe5 33. b5 Bxg3 34. fxg3 Qxg3 35. Nf2 Qxh4 36. bxc6 bxc6 37. Qxc6 Qf4 38. Qd6 Qxd6 39. cxd6 Kf8 40. Bc6 f5 41. Nd3 g5 42. Ne5 g4 43. Kg2 Kg7 44. d7 Kf6 45. d8Q+ Kxe5 46. Qe7 h5 47. Bd7 Kf4 48. Qxe6 Kg5 49. Qxf5+ Kh6 50. Qf6+ Kh7 51. Be8 h4 52. Bf7 g3 53. Qg6+ Kh8 54. Qg8# 1-0

[Event "Lienz op-A 18th"]
[Site "Lienz"]
[Date "2015.02.12"]
[Round "7"]
[White "Giese, Tilman"]
[Black "Poenisch, Eckehard"]
[Result "1-0"]
[WhiteElo "2060"]
[BlackElo "2177"]
[PlyCount "87"]
[EventDate "2015.02.07"]
[EventType "swiss"]
[EventRounds "9"]
[EventCountry "AUT"]
[SourceTitle "CBM 164 Extra"]
[Source "ChessBase"]
[SourceDate "2015.03.02"]
[SourceVersion "1"]
[SourceVersionDate "2015.03.02"]
[SourceQuality "1"]

1. Nf3 d5 2. g3 Bf5 3. Bg2 e6 4. d3 h6 5. c4 c6 6. cxd5 exd5 7. 0-0 Nf6 8. Nbd2 Be7 9. a3 0-0 10. b4 a5 11. bxa5 Rxa5 12. Qb3 Bc8 13. e4 Nbd7 14. e5 Ne8 15. Re1 Qb6 16. Qc2 Qc5 17. Qd1 Qc3 18. Nb3 Ra8 19. d4 Qc4 20. Bf1 Qa4 21. Bd3 Nc7 22. Bc2 Qa6 23. Nh4 Re8 24. Nf5 Nf8 25. Nxg7 Kxg7 26. Qh5 Bg5 27. f4 Qc4 28. Ra2 Nce6 29. fxg5 hxg5 30. Rf1 Ng6 31. Rxf7+ Kxf7 32. Bxg6+ Ke7 33. Rf2 Kd7 34. Bxe8+ Kc7 35. Qh7+ Kb8 36. Qc2 Qa4 37. Qc3 Qb5 38. Bf7 Ra4 39. Bxe6 Rc4 40. Qd3 Bxe6 41. Kg2 b6 42. Bxg5 Qa4 43. Rf8+ Kb7 44. Qh7+ 1-0

[Event "Lienz op-A 18th"]
[Site "Lienz"]
[Date "2015.02.11"]
[Round "6"]
[White "Giese, Tilman"]
[Black "Lipp, Alfred"]
[Result "1/2-1/2"]
[WhiteElo "2060"]
[BlackElo "2139"]
[PlyCount "113"]
[EventDate "2015.02.07"]
[EventType "swiss"]
[EventRounds "9"]
[EventCountry "AUT"]
[SourceTitle "CBM 164 Extra"]
[Source "ChessBase"]
[SourceDate "2015.03.02"]
[SourceVersion "1"]
[SourceVersionDate "2015.03.02"]
[SourceQuality "1"]

1. Nf3 d5 2. g3 Nf6 3. Bg2 Nc6 4. d4 Bg4 5. Bg5 h6 6. Bxf6 exf6 7. 0-0 Qd7 8. Nbd2 0-0-0 9. c3 Bh3 10. e4 Bxg2 11. Kxg2 dxe4 12. Nxe4 f5 13. Ned2 g5 14. Re1 Bg7 15. Nc4 Rhe8 16. Qd3 f4 17. Rxe8 Rxe8 18. Re1 Rxe1 19. Nxe1 Qd5+ 20. Kg1 fxg3 21. hxg3 Ne7 22. b3 f5 23. Ng2 Bf6 24. Qe2 Qf7 25. Qf3 g4 26. Qe2 Nd5 27. Nge3 Qe6 28. Qd3 Bg5 29. Nxf5 Qe1+ 30. Kg2 Qxc3 31. Qe4 Qf3+ 32. Qxf3 gxf3+ 33. Kxf3 Nb4 34. Ke4 Nxa2 35. f4 Bf6 36. Nxh6 Nc3+ 37. Kd3 Nb5 38. Ne5 Kd8 39. g4 Ke8 40. g5 Be7 41. Nf5 Nd6 42. Nxd6+ cxd6 43. Nc4 b5 44. Na3 a6 45. Ke4 d5+ 46. Kxd5 Bxa3 47. Kc6 Bc1 48. Kb6 Bxf4 49. g6 b4 50. Kxa6 Kf8 51. Kb5 Bd2 52. Kc6 Kg7 53. d5 Kxg6 54. d6 Kf7 55. d7 Bg5 56. Kb5 Ke7 57. Kxb4 1/2-1/2

[Event "Wiesbaden op 25th"]
[Site "Wiesbaden"]
[Date "2013.08.25"]
[Round "6"]
[White "Giese, Tilman"]
[Black "Wolf, Gabriel"]
[Result "1-0"]
[WhiteElo "2061"]
[BlackElo "1887"]
[PlyCount "93"]
[EventDate "2013.08.22"]
[EventType "swiss"]
[EventRounds "7"]
[EventCountry "GER"]
[SourceTitle "CBM 156 Extra"]
[Source "ChessBase"]
[SourceDate "2013.10.22"]
[SourceVersion "1"]
[SourceVersionDate "2013.10.22"]
[SourceQuality "1"]

1. Nf3 Nf6 2. g3 g6 3. Bg2 Bg7 4. 0-0 0-0 5. d3 d5 6. Nbd2 c5 7. c3 Nc6 8. Rb1 d4 9. Nb3 Nd7 10. Qc2 e5 11. a3 dxc3 12. bxc3 Na5 13. Bg5 f6 14. Be3 c4 15. Nxa5 cxd3 16. Qa2+ Kh8 17. Nxb7 Bxb7 18. Rxb7 dxe2 19. Qxe2 Rb8 20. Rxa7 Qe8 21. Qd2 Nb6 22. Qd6 Na4 23. Qc7 Rg8 24. Bh6 Qf8 25. Bh3 Nxc3 26. Bxg7+ Rxg7 27. Qxg7+ Qxg7 28. Rxg7 Kxg7 29. Ra1 e4 30. Nd4 f5 31. a4 Rb4 32. Ne6+ Kf7 33. Ng5+ Kf6 34. Nxh7+ Kg7 35. Ng5 Kf6 36. f4 exf3 37. Nxf3 Nxa4 38. Bf1 g5 39. Ra2 g4 40. Ne1 Nb2 41. Ng2 Ke5 42. Nf4 Ke4 43. Ra8 Nc4 44. Re8+ Kd4 45. Rd8+ Ke4 46. Bg2+ Ke3 47. Rd3# 1-0

[Event "Wiesbaden op 25th"]
[Site "Wiesbaden"]
[Date "2013.08.24"]
[Round "5"]
[White "Baskin, Robert"]
[Black "Giese, Tilman"]
[Result "1-0"]
[WhiteElo "2179"]
[BlackElo "2061"]
[PlyCount "49"]
[EventDate "2013.08.22"]
[EventType "swiss"]
[EventRounds "7"]
[EventCountry "GER"]
[SourceTitle "CBM 156 Extra"]
[Source "ChessBase"]
[SourceDate "2013.10.22"]
[SourceVersion "1"]
[SourceVersionDate "2013.10.22"]
[SourceQuality "1"]

1. e4 c5 2. Nf3 d6 3. d4 cxd4 4. Nxd4 Nf6 5. Nc3 a6 6. Bc4 e6 7. a4 Be7 8. 0-0 0-0 9. Qe2 Qc7 10. Kh1 Nc6 11. Be3 Bd7 12. f4 Rac8 13. Bd3 Na5 14. Rae1 Nc4 15. Bc1 Nb6 16. e5 Nfd5 17. Nxd5 Nxd5 18. c3 Nb6 19. f5 dxe5 20. f6 exd4 21. fxe7 Rfe8 22. Bxh7+ Kxh7 23. Qh5+ Kg8 24. Qxf7+ Kh7 25. Re4 1-0

[Event "Wiesbaden op 25th"]
[Site "Wiesbaden"]
[Date "2013.08.24"]
[Round "4"]
[White "Giese, Tilman"]
[Black "Junesch, Gerhard"]
[Result "0-1"]
[WhiteElo "2061"]
[BlackElo "2348"]
[PlyCount "32"]
[EventDate "2013.08.22"]
[EventType "swiss"]
[EventRounds "7"]
[EventCountry "GER"]
[SourceTitle "CBM 156 Extra"]
[Source "ChessBase"]
[SourceDate "2013.10.22"]
[SourceVersion "1"]
[SourceVersionDate "2013.10.22"]
[SourceQuality "1"]

1. c4 Nf6 2. Nc3 c5 3. g3 e6 4. Bg2 d5 5. cxd5 exd5 6. Qb3 Nc6 7. Nxd5 Nd4 8. Nxf6+ Qxf6 9. Qd1 Bf5 10. d3 c4 11. Nf3 Bb4+ 12. Bd2 Nxf3+ 13. Bxf3 Qxb2 14. Bxb4 Qxb4+ 15. Kf1 cxd3 16. Rb1 Qxb1 0-1

[Event "Wiesbaden op 25th"]
[Site "Wiesbaden"]
[Date "2013.08.23"]
[Round "3"]
[White "Commercon, Simon"]
[Black "Giese, Tilman"]
[Result "0-1"]
[WhiteElo "2187"]
[BlackElo "2061"]
[PlyCount "123"]
[EventDate "2013.08.22"]
[EventType "swiss"]
[EventRounds "7"]
[EventCountry "GER"]
[SourceTitle "CBM 156 Extra"]
[Source "ChessBase"]
[SourceDate "2013.10.22"]
[SourceVersion "1"]
[SourceVersionDate "2013.10.22"]
[SourceQuality "1"]

1. d4 f5 2. g3 g6 3. Bg2 Bg7 4. Nf3 Nf6 5. c4 d6 6. Nc3 Nc6 7. 0-0 0-0 8. Rb1 e5 9. dxe5 Nxe5 10. Qb3 Kh8 11. Rd1 Qe7 12. Bg5 c6 13. Qb4 Nxf3+ 14. Bxf3 Be6 15. Bf4 Ne8 16. Rd2 a5 17. Qa4 g5 18. Be3 f4 19. Bd4 Bxd4 20. Rxd4 g4 21. Bg2 f3 22. exf3 gxf3 23. Bf1 Qd7 24. Qd1 Rd8 25. Rh4 Qg7 26. Qd4 d5 27. Re1 Nc7 28. cxd5 Qxd4 29. Rxd4 Bxd5 30. Re7 Ne6 31. Rh4 Ng5 32. Rh5 Rf7 33. Rxf7 Nxf7 34. Nxd5 Rxd5 35. Rxd5 cxd5 36. Bh3 Ne5 37. Bf5 Kg7 38. Kf1 h5 39. h3 Kf6 40. Bc8 Nd3 41. Bxb7 Ke5 42. Ba6 Nxb2 43. Ke1 Na4 44. Kd2 Nc5 45. Bb5 Ne4+ 46. Ke3 Nc3 47. Be8 Nxa2 48. Kxf3 Nc3 49. Ke3 d4+ 50. Kd3 h4 51. f4+ Ke6 52. g4 a4 53. Kxd4 Ne2+ 54. Ke3 a3 55. Bb5 Kd5 56. Ba4 Nd4 57. Be8 a2 58. Bf7+ Ne6 59. f5 a1Q 60. fxe6 Kd6 61. Kf4 Qf6+ 62. Ke4 0-1

[Event "Wiesbaden op 25th"]
[Site "Wiesbaden"]
[Date "2013.08.23"]
[Round "2"]
[White "Giese, Tilman"]
[Black "Boidman, Yuri"]
[Result "1-0"]
[WhiteElo "2061"]
[BlackElo "2398"]
[PlyCount "91"]
[EventDate "2013.08.22"]
[EventType "swiss"]
[EventRounds "7"]
[EventCountry "GER"]
[SourceTitle "CBM 156 Extra"]
[Source "ChessBase"]
[SourceDate "2013.10.22"]
[SourceVersion "1"]
[SourceVersionDate "2013.10.22"]
[SourceQuality "1"]

1. c4 c6 2. Nc3 d5 3. cxd5 cxd5 4. d4 Nf6 5. g3 Nc6 6. Nf3 Bf5 7. Ne5 e6 8. Qa4 Qb6 9. Qb5 Qxb5 10. Nxb5 Bb4+ 11. Bd2 Bxd2+ 12. Kxd2 0-0 13. Bg2 a6 14. Nxc6 bxc6 15. Nc3 Rab8 16. b3 Rb4 17. e3 c5 18. dxc5 d4 19. Na4 Ne4+ 20. Bxe4 Bxe4 21. Rhc1 Bc6 22. Nb6 dxe3+ 23. fxe3 Rd8+ 24. Kc3 Re4 25. Nc4 Bd5 26. Rd1 Rc8 27. Rd4 f5 28. b4 Rb8 29. Rxe4 Bxe4 30. Rd1 Bd5 31. a4 Kf7 32. Nb6 Bc6 33. Nd7 Bxa4 34. Nxb8 Bxd1 35. Nxa6 Be2 36. Nc7 Ke7 37. b5 Kd7 38. b6 e5 39. Nd5 Ba6 40. Nb4 Bb7 41. Kc4 Bf3 42. Kb5 Be2+ 43. Ka5 g5 44. c6+ Kd6 45. b7 Kc7 46. Na6+ 1-0